| 000 | nam a22 7a 4500 | ||
|---|---|---|---|
| 999 |
_c30134 _d30134 |
||
| 008 | 190220b xxu||||| |||| 00| 0 eng d | ||
| 020 | _a9780830640720 | ||
| 050 | _aTK 6642 .L457 1990 | ||
| 100 | _aJohn D.Lenk | ||
| 245 |
_aLenk's Video Handbook _bOperation and Troubleshooting. |
||
| 300 |
_a8.13p,: _bill.; _c22cm. |
||
| 650 | _aTelevision--Repairing | ||
| 942 |
_2lcc _cBOOKS _hTK 6642 .L457 1990 |
||